Evolucin̤ del Sistema Penal en Mx̌ico

Bibliographic Details
Main Author: Garca̕ Ramr̕ez, Sergio
Other Authors: Islas de Gonzl̀ez Mariscal, Olga
Format: eBook
Language:Spanish
Published: Ciudad de Mx̌ico: Instituto Nacional de las Ciencias Penales, 2018
Subjects:
Online Access:Acceso restringido

MARC

LEADER 00000nam a22000007a 4500
005 20181117152915.0
007 cr|||| ||||
008 181117s2018 mx |||||s|||| 00||0 spa d
020 |a 978-607-8551-38-5 
035 |a 22443 
040 |a vLex 
090 |c 8313  |d 8313 
100 1 |a Garca̕ Ramr̕ez, Sergio 
245 1 0 |a Evolucin̤ del Sistema Penal en Mx̌ico  |h [Recurso electrn̤ico] /  |c Sergio Garca̕ Ramr̕ez, Olga Islas de Gonzl̀ez Mariscal 
256 |a Servicio en ln̕ea 
260 |a Ciudad de Mx̌ico:  |b Instituto Nacional de las Ciencias Penales,  |c 2018 
300 |a 1 recurso electrn̤ico 
506 1 |a Disponible solo en los productos indicados  |d vLex Global  |d vLex Global (Academic Edition, excluding Law Schools)  |d vLex Global (U.S. Academic Edition, Law Schools)  |d vLex Global (U.S. Academic Edition, excluding Law Schools)  |d vLex Global (Academic Edition, Law Schools) 
650 0 4 |a Derecho Penal  |z Mx̌ico 
700 1 |a Islas de Gonzl̀ez Mariscal, Olga 
740 0 |a vLex Libros (Servicio en ln̕ea) 
856 4 0 |u http://vlex.com/source/evolucion-sistema-penal-mexico-22443  |z Acceso restringido 
942 |c BOOK 
999 0 |a Criminal law